000 00706nam a22002057a 4500
999 _c6181
_d6181
003 AR-CdUCM
008 190313b ||||| |||| 00| 0 spa d
040 _aMUNICIPALIDAD PROVINCIAL DEL CUSCO
_cBIBLIOTECA MUNICIPAL DEL CUSCO
082 _a869.56 /
_bO32
100 _aOchoa Nizama, Manuel
_917857
245 _aSed de un comienzo /
260 _aLima :
_bTriunfaremos,
_c1990.
300 _a42 páginas ;
_c21 cm.
505 _aContenido : Dedicatoria -- Presentación -- 23 poemas -- Villa el Salvador -- Perdoname madre -- Arbol viejo ...
650 _aPoesía peruana
_9806
650 _aLiteratura peruana
_9169
650 _aLiteratura Latinoamericana
_9799
942 _2ddc
_cLIBROS
945 _arah